Economic and Statistical Considerations in the Formulation of Engel Curve and the Effect of Household size and Composition on Consumption /

में बचाया:
ग्रंथसूची विवरण
मुख्य लेखक: El Gibaly, Azza
स्वरूप: पुस्तक
भाषा:अंग्रेज़ी
प्रकाशित: Cairo : The Institute of National Planning, 1972.
श्रृंखला:External Notes ؛ 1023.
विषय:
टैग: टैग जोड़ें
कोई टैग नहीं, इस रिकॉर्ड को टैग करने वाले पहले व्यक्ति बनें!

MARC

LEADER 00000nam a22000007a 4500
003 INP
005 20180923184401.0
008 180122s1972 ua ||fr|||| 00| 0 eng d
999 |c 14446.  |d 14446 
040 |a EG-INP  |b eng  |c EG-INP 
082 0 4 |a 338.9  |b م.ذ 1023   |2 21 
100 1 |a El Gibaly, Azza. 
245 1 0 |a Economic and Statistical Considerations in the Formulation of Engel Curve and the Effect of Household size and Composition on Consumption /   |c Azza El Gibaly ; The Institute of National Planning. 
260 |a Cairo :   |b The Institute of National Planning,   |c 1972. 
300 |c 27 cm.  |g included in volume. 
490 2 |a External Notes ؛   |v 1023. 
653 0 |a Statistical Considerations. 
653 0 |a Economic Considerations. 
653 0 |a Consumption. 
773 0 8 |i عنوان المجلد الرئيسي :   |0 14445.  |t مذكرات معهد التخطيط القومي : 1023 - 1031. 
901 |a EGPV10 
903 |a original 
942 |2 ddc  |c EN